000 00548nam a2200169Ia 4500
003 GCL
008 140319s9999 xx 000 0 ara d
040 _aGCL /
_cGCL
082 0 4 _aد
_b050
_bد هـ
245 1 0 _aالهلال يناير 1967 : بيكاسو : 85 عاما من الشباب
260 _aالقاهرة :
_bدار الهلال للطباعة والنشر ،
_c1967
650 0 4 _aكامل الزهيرى
650 0 4 _aمحمود تيمور
650 0 4 _aسهيل ادريس
650 0 4 _aبيكاسو، بابلو
942 _2ddc
_cCR
999 _c6698
_d6698